MARC

LEADER 00000nam^a2200000^a^4500
001 000554946
005 20250521000000.0
009 20260310131709.128
020 |a 978-607-28-1759-3 
037 |a Acervo ITESO - Biblioteca 
041 |a ESP 
082 |a 711. 42  |b SEM V. 3 
111 |a Seminario Hábitat Sustentable : Estrategias y Proyectos en Diferentes Ambitos del Mundo (  |n 3° :  |d 2017 :  |c UAM) 
240 1 1 |a [Hábitat sustentable] 
245 1 0 |a Hábitat sustentable III /  |c Comp. de S. Padilla Galicia, V.A. Fuentes Freixanet. 
264 4 |a México :  |b UAM Azcapotzalco, División de Ciencias y Artes para el Diseño,  |c 2019, c2019 
300 |a 261 p. 
336 |a texto  |b txt  |2 rdacontenido 
337 |a sin mediación  |b n  |2 rdamedio 
338 |a volumen  |b nc  |2 rdasoporte 
440 1 |a (Arquitectura y Urbanismo Internacional) 
521 |a FIL 2022 DIA 
649 |a XX 
650 |a Casa Curutchet 
650 |a Vivienda -  |z Argentina 
650 |a UAM Cuajimalpa 
650 |a Universidades -  |z México 
650 |a Recursos Energéticos 
650 |a Cambio Climático 
650 |a Especulación Inmobiliaria 
650 |a Transporte Urbano 
650 |a Bioclimatología 
650 |a Paisajismo -  |z Cartagena, Colombia 
650 |a Ecodiseño -  |x Congresos -  |x Tema Principal 
650 |a Ecodiseño -  |x Tema Principal 
650 |a Arquitectura y Clima 
650 |a Arquitectura y Sociedad 
650 |a Desarrollo Urbano -  |x Congresos -  |x Tema Principal 
650 |a Desarrollo Urbano -  |z Alemania 
650 |a Desarrollo Urbano -  |x Tema Principal 
650 |a Desarrollo Sustentable -  |z Latinoamérica 
650 |a Desarrollo Sustentable -  |z Singapur 
650 |a Desarrollo Sustentable -  |x Tema Principal 
650 |a Urbanismo -  |x Congresos -  |x Tema Principal 
650 |a Urbanismo -  |z Cartagena, Colombia 
650 |a Urbanismo 
700 |a Padilla Galicia, Sergio  |e (compilación) 
700 |a Fuentes Freixanet, Víctor Armando  |e (compilación) 
910 |a Fondo General 
920 |a Impresos - Libros 
930 |a Reserva Especial 
905 |a 103 
901 |a 0500387589  |b IT1  |c REE  |i C180734  |u 20250521 
902 |a https://opac.biblio.iteso.mx/vufind/Record/000554946